Estadística minera de España / (Record no. 821)
[ view plain ]
| 000 -LEADER | |
|---|---|
| campo de control de longitud fija | 01055nas a2200289 i 4500 |
| 001 - NÚMERO DE CONTROL | |
| campo de control | 821 |
| 003 - IDENTIFICADOR DE NÚMERO DE CONTROL | |
| campo de control | ES-MaACL |
| 005 - FECHA Y HORA DE LA ÚLTIMA TRANSACCIÓN | |
| campo de control | 20250217133941.0 |
| 007 - CAMPO FIJO DE DESCRIPCIÓN FÍSICA--INFORMACIÓN GENERAL | |
| campo de control de longitud fija | t| |
| 008 - DATOS DE LONGITUD FIJA--INFORMACIÓN GENERAL | |
| campo de control de longitud fija | 950801c1861 sp | | 1 ||pa d |
| 022 ## - NÚMERO INTERNACIONAL NORMALIZADO PARA PUBLICACIONES SERIADAS | |
| Número Internacional Normalizado para Publicaciones Seriadas | 2171-2611 |
| 080 ## - NÚMERO DE LA CLASIFICACIÓN DECIMAL UNIVERSAL | |
| Número de la Clasificación Decimal Universal | 622 |
| 245 00 - MENCIÓN DEL TÍTULO | |
| Título | Estadística minera de España / |
| Mención de responsabilidad, etc. | Dirección General de Agricultura, Industria y Comercio. |
| 260 ## - PUBLICACIÓN, DISTRIBUCIÓN, ETC. | |
| Lugar de publicación, distribución, etc. | Madrid : |
| Nombre del editor, distribuidor, etc. | Dirección General de Agricultura, Industria y Comercio, |
| Fecha de publicación, distribución, etc. | 1861- ( |
| Fabricante | Imprenta Nacional ; Bolaños y Aguilar) |
| 300 ## - DESCRIPCIÓN FÍSICA | |
| Extensión | 68 v. ; |
| Dimensiones | 20, y 31 cm. + |
| Material acompañante/anejo | 1 disco compacto (CD-ROM) |
| 362 0# - FECHAS DE PUBLICACIÓN Y/O DESIGNACIÓN SECUENCIAL | |
| Fecha de publicación y/o designación secuencial | N. 1 (1861)-1930. |
| 500 ## - NOTA GENERAL | |
| Nota general | No se publicó en 1893. |
| 650 14 - PUNTO DE ACCESO ADICIONAL DE MATERIA--TÉRMINO DE MATERIA | |
| Término de materia o nombre geográfico como elemento de entrada | Estadística. |
| 9 (RLIN) | 12520 |
| 650 14 - PUNTO DE ACCESO ADICIONAL DE MATERIA--TÉRMINO DE MATERIA | |
| Término de materia o nombre geográfico como elemento de entrada | Minería. |
| 9 (RLIN) | 15054 |
| 650 #4 - PUNTO DE ACCESO ADICIONAL DE MATERIA--TÉRMINO DE MATERIA | |
| Término de materia o nombre geográfico como elemento de entrada | Recursos minerales- |
| Subdivisión geográfica | España. |
| 9 (RLIN) | 160624 |
| 785 00 - ENTRADA/ENLACE A UN TÍTULO POSTERIOR | |
| Encabezamiento principal | Estadística minera y metalúrgica de España |
| Lugar, editor y fecha de publicación | 1931-1968 |
| 852 ## - LOCALIZACIÓN | |
| Ubicación | ES-MaACL |
| Número de control de estantería | HEM-H-229 |
| Signatura antigua | Olim: Hem-1196 |
| Ubicación en estantería | Hemeroteca |
| itemnumber | 844 |
| 852 ## - LOCALIZACIÓN | |
| Ubicación | ES-MaACL |
| Número de control de estantería | ROT 6/3/21 |
| Ubicación en estantería | Rotativo |
| itemnumber | 203501 |
| 866 #0 - MENCIÓN TEXTUAL DE FONDOS--UNIDAD BIBLIOGRÁFICA BÁSICA | |
| Fondos | 1862-92.1894-1917,1919-40,1942-60,1962,1964. |
| 942 ## - ELEMENTOS DE ENTRADA SECUNDARIOS (KOHA) | |
| Fuente del sistema de clasificación o colocación | Clasificación decimal universal |
| Estatus retirado | Estado de pérdida | Estado de daño | No para préstamo | Colección | Biblioteca de origen | Biblioteca actual | Ubicación en estantería | Fecha de adquisición | Fuente de adquisición | Total de préstamos | Signatura topográfica completa | Código de barras | Visto por última vez | Precio de reemplazo | Tipo de ítem Koha | Fuente del sistema de clasificación o colocación |
|---|---|---|---|---|---|---|---|---|---|---|---|---|---|---|---|---|
| Periódicos y Revistas | Biblioteca del Ateneo de Madrid | Biblioteca del Ateneo de Madrid | Hemeroteca | 17/01/2008 | HEM-H-229 | 1000836 | 23/02/2023 | 23/02/2023 | Revista | |||||||
| Biblioteca del Ateneo de Madrid | Biblioteca del Ateneo de Madrid | Rotativo | 13/06/2024 | ROT 6/3/21 | 101228496 | 13/06/2024 | 13/06/2024 | Archivo de ordenador en CD-ROM, CD o disquete | Clasificación decimal universal |
